000 00963nam a2200301 i 4500
003 EG-GICUC
005 20260416082702.0
008 260416s1956 fr ||||fr|||| 00| 0 fre d
040 _aEG-GiCUC
_bfre
_cEG-GiCUC
_dEG-GiCUC
_eRda
041 _afre
082 0 4 _221
_a343.741
_bRI . M
092 0 4 _221
099 _aLaw1 10 343.741 RI . M 1956
100 1 _aRichard, André
_eAuteur
245 1 3 _aLa mission méconnue de la justice pénale /
_cPar André Richard.
264 1 _aParis :
_bÉditions du Levain,
_c1965.
300 _a93 pages ;
_c24 cm.
336 _2rda contenu
_a texte
337 _2rda medias
_aOrdinateur
338 _2 transporteur rda
_a Ressource en ligne
490 _aRecoupements chrétiens dans les sciences et dans les arts
546 _aTexte en français
650 1 _aDroit pénal
650 1 _ajustice pénale
856 4 0 _uhttps://fll.law.cu.edu.eg/fulltext/bks/B10-09225.pdf
905 _a43
942 _2ddc
_n0
_cBK
_e21
999 _c71324
_d71324